header

Computer relaying for power systems (Record no. 59188)

MARC details
000 -LEADER
fixed length control field 01163nam a2200301Ia 4500
100 1# - MAIN ENTRY--AUTHOR NAME
Personal name Phadke, Arun G.
245 10 - TITLE STATEMENT
Title Computer relaying for power systems
250 ## - EDITION STATEMENT
Edition statement 2nd ed.
260 ## - PUBLICATION, DISTRIBUTION, ETC. (IMPRINT)
Place of publication Hoboken, NJ :
Name of publisher John Wiley & Sons,
Year of publication 2009.
300 ## - PHYSICAL DESCRIPTION
Number of Pages xviii, 326 p. :
Other physical details ill.
650 #0 - SUBJECT ADDED ENTRY--TOPICAL TERM
Topical Term Protective relays.
Topical Term Electric power systems
856 40 - ELECTRONIC LOCATION AND ACCESS
Uniform Resource Identifier http://site.ebrary.com/lib/rucke/Doc?id=10319010

No items available.

© 2026 Rongo University
Contact us: librarian | system librarian | Rongo university